000 00689nam a22002297a 4500
003 UA-OsUOA
001 31112
007 ta
008 20041202b un ||||| |||| 00| 0 ukr d
090 _a903
_bН87
942 _cBK
040 _aUA-OsUOA
_brus
_cUA-OsUOA
_dUA-OsUOA
245 _aНумизматика античного Причерноморья
_bСборник научных трудов
_cРед. В. Л.Янин С. А.Булатович С. Б.Охотников
300 _a164 с.
_bІлюстрації
955 _a0
041 _arus
080 _a903
260 _aКиев
_bНаукова думка
_c1982
044 _aUA
650 7 _2UDC
999 _c317533
_d317533